An evaluation of metallurgical performance of the backfill plant and the ... (Record no. 42672)
[ view plain ]
| 000 -LEADER | |
|---|---|
| fixed length control field | 00563nam a2200133 a 4500 |
| 008 - FIXED-LENGTH DATA ELEMENTS--GENERAL INFORMATION | |
| fixed length control field | 100322s2008 ||||||||||||||||| || u |
| 050 ## - LIBRARY OF CONGRESS CALL NUMBER | |
| Classification number | THESIS/STUDENT |
| 100 ## - MAIN ENTRY--PERSONAL NAME | |
| Personal name | Kalo, Samuel |
| 245 13 - TITLE STATEMENT | |
| Title | An evaluation of metallurgical performance of the backfill plant and the ... |
| Statement of responsibility, etc. | Supervised by Mr. A Shane |
| 260 ## - PUBLICATION, DISTRIBUTION, ETC. | |
| Place of publication, distribution, etc. | Kitwe |
| Name of publisher, distributor, etc. | Coperbelt University |
| Date of publication, distribution, etc. | 2008 |
| 350 ## - PRICE (NR) (BK AM CF MU VM SE) [OBSOLETE] | |
| Price | 0.00 |
| 650 ## - SUBJECT ADDED ENTRY--TOPICAL TERM | |
| Topical term or geographic name entry element | MINING, METALLURGY |
| 995 ## - RECOMMENDATION 995 [LOCAL, UNIMARC FRANCE] | |
| -- | 0.00 |
| -- | CBU-MAIN LIBRARY (Kitwe) |
| -- | 1 |
| -- | 0.00 |
| -- | 1 |
| -- | AVAILABLE |
| -- | Mar 22, 2010 |
| -- | University Collection |
| Withdrawn status | Lost status | Source of classification or shelving scheme | Damaged status | Not for loan | Home library | Current library | Shelving location | Date acquired | Total Checkouts | Full call number | Barcode | Date last seen | Price effective from | Koha item type |
|---|---|---|---|---|---|---|---|---|---|---|---|---|---|---|
| CBU-MAIN LIBRARY, KITWE. | CBU-MAIN LIBRARY, KITWE. | 11/30/2022 | THESIS/STUDENT | 03006077 | 11/30/2022 | 11/30/2022 | MONOGRAPH |